ادارة المبيعات / (Record no. 1437)

MARC details
000 -LEADER
fixed length control field 00580nam a2200181 ar4500
001 - CONTROL NUMBER
control field 1439
005 - DATE AND TIME OF LATEST TRANSACTION
control field 20221127090222.0
008 - FIXED-LENGTH DATA ELEMENTS--GENERAL INFORMATION
fixed length control field 090809s jo a 00010|ara d
020 ## - INTERNATIONAL STANDARD BOOK NUMBER
Terms of availability رس49.00
082 04 - DEWEY DECIMAL CLASSIFICATION NUMBER
Classification number 658.81
Item number ج981
100 1# - MAIN ENTRY--PERSONAL NAME
Personal name الجياشي، على عبدالرضا.
245 10 - TITLE STATEMENT
Title ادارة المبيعات /
Statement of responsibility, etc. علي الجياشي.
260 ## - PUBLICATION, DISTRIBUTION, ETC.
Place of publication, distribution, etc. عمان، الاردن :
Name of publisher, distributor, etc. دار وائل،
Date of publication, distribution, etc. 2003.
300 ## - PHYSICAL DESCRIPTION
Extent 358 ص. :
Other physical details ايض. ؛
Dimensions 24 سم.
504 ## - BIBLIOGRAPHY, ETC. NOTE
Bibliography, etc. note يتضمن ببليوجرافية.
650 #4 - SUBJECT ADDED ENTRY--TOPICAL TERM
Topical term or geographic name entry element التسويق.
650 #4 - SUBJECT ADDED ENTRY--TOPICAL TERM
Topical term or geographic name entry element ادارة المبيعات.
Holdings
Withdrawn status Lost status Source of classification or shelving scheme Damaged status Not for loan Home library Current library Date acquired Total Checkouts Full call number Barcode Date last seen Copy number Price effective from Koha item type
          CENTRAL CENTRAL 11/27/2022   658.81 ج981 1000000004344 11/27/2022 C1 11/27/2022 Book